000 00456nam a2200181Ia 4500
001 8183
005 20260306160550.0
008 260306t1999||||xx |||||||||||||| ||spa||
041 _aESP
082 _a370.119
_bLL585
100 _aLlull Peñalba, Josué
_eAUT
245 0 _aTeoría y práctica de la educación en el tiempo libre
260 _c1999
300 _a428 páginas :
_c23 cm.
650 _aGEN
654 _aCED
942 _cLIB
_dJUS
_fJUS
_2ddc
_n
999 _c8183
_d8183